00588nam a2200157 a 450000100100000000500170001000800410002704000250006808200180009310000260011124500660013726000610020330000200026450001090028465100370039300003264120200930065742.0110725s1945 dr r 000 0 spa d aDO-SdBNPbspacBNPHU a972.93bL791d1 aLlaverías, Federico13aEl día del benefactor de la patria /cFederico Llaverías. aSantiago, República Dominicana :bEl diario,c[1945?]. a15 p. ;c24 cm. aDiscurso pronunciado por el Lic. Federico Llaverías, en el acto celebrado el día 14 de enero de 1945 4aRepública DominicanaxHistoria